| 000 | 00490nam a2200145 a 4500 | ||
|---|---|---|---|
| 008 | 120416s0000 ||||||||||||||||| || u | ||
| 020 | _a0721740030 | ||
| 050 | _aT 354 Hal | ||
| 100 | _aHalliwell, B | ||
| 245 | 1 | 0 | _aExercise in technical drawing |
| 260 |
_aHudderfield _bSchofield and Sims _c1969 |
||
| 300 | _a86p. : ill | ||
| 350 | _a0.00 | ||
| 995 |
_D0.00 _FCBU-MAIN LIBRARY (Kitwe) _H1 _I10.85 _M1 _UDAMAGED _ZMain Library Open Access Collection |
||
| 999 |
_c42854 _d42854 |
||